100 Essential Noir Films - Statistics

General Stats
  • This quiz has been taken 384 times
  • The average score is 34 of 100
Answer Stats
Year Director Answer % Correct
1941 John Huston The Maltese Falcon
83%
1944 Billy Wilder Double Indemnity
80%
1950 Billy Wilder Sunset Blvd.
76%
1946 Howard Hawks The Big Sleep
76%
1949 Carol Reed The Third Man
73%
1946 Orson Welles The Stranger
70%
1955 Charles Laughton The Night of the Hunter
69%
1956 Stanley Kubrick The Killing
68%
1974 Roman Polanski Chinatown
64%
1946 Robert Siodmak The Killers
64%
1958 Orson Welles Touch of Evil
64%
1944 Otto Preminger Laura
63%
1947 Jacques Tourner Out of the Past
61%
1951 Alfred Hitchcock Strangers on a Train
59%
1946 Alfred Hitchcock Notorious
57%
1953 Fritz Lang The Big Heat
56%
1950 John Huston The Asphalt Jungle
55%
1943 Alfred Hitchcock Shadow of a Doubt
52%
1948 Orson Welles The Lady from Shanghai
52%
1951 Billy Wilder Ace in the Hole
50%
1950 Nicholas Ray In a Lonely Place
50%
1948 John Huston Key Largo
48%
1956 Alfred Hitchcock The Wrong Man
47%
1949 Raoul Walsh White Heat
47%
1946 Charles Vidor Gilda
46%
1945 Fritz Lang Scarlet Street
46%
1945 Edgar G. Ulmer Detour
45%
1946 Tay Garnett The Postman Always Rings Twice
45%
1950 Joseph H. Lewis Gun Crazy
44%
1944 Fritz Lang The Woman in the Window
42%
1955 Robert Aldrich Kiss Me Deadly
39%
1945 Michael Curtiz Mildred Pierce
39%
1944 Edward Dmytryk Murder, My Sweet
37%
1950 Jules Dassin Night and the City
37%
1957 Alexander Mackendrick Sweet Smell of Success
37%
1947 Delmer Daves Dark Passage
36%
1953 Samuel Fuller Pickup on South Street
34%
1955 Joseph H. Lewis The Big Combo
34%
1953 Ida Lupino The Hitch-Hiker
34%
1950 Otto Preminger Where the Sidewalk Ends
34%
1953 Otto Preminger Angel Face
33%
1949 Robert Siodmak Criss Cross
33%
1941 Raoul Walsh High Sierra
33%
1945 John M. Stahl Leave Her to Heaven
33%
1948 John Farrow The Big Clock
31%
1950 Rudolph Maté D.O.A.
30%
1947 Robert Montgomery Lady in the Lake
30%
1947 Edmund Goulding Nightmare Alley
29%
1948 Jules Dassin The Naked City
29%
1948 Nicholas Ray They Live by Night
28%
1947 Henry Hathaway Kiss of Death
27%
1949 Robert Wise The Set-Up
27%
1947 Robert Rossen Body and Soul
26%
1947 Edward Dmytryk Crossfire
26%
1946 George Marshall The Blue Dahlia
25%
1942 Frank Tuttle This Gun for Hire
25%
1949 Fred Zinnemann Act of Violence
24%
1947 Jules Dassin Brute Force
24%
1959 Robert Wise Odds Against Tomorrow
24%
1951 Nicholas Ray On Dangerous Ground
24%
1946 Lewis Milestone The Strange Love of Martha Ivers
24%
1947 Anthony Mann T-Men
24%
1947 John Cromwell Dead Reckoning
23%
1945 Otto Preminger Fallen Angel
23%
1952 Phil Karlson Kansas City Confidential
23%
1944 Robert Siodmak Phantom Lady
23%
1951 Joseph Losey The Prowler
23%
1952 Fritz Lang Clash by Night
22%
1948 Abraham Polonsky Force of Evil
21%
1950 Elia Kazan Panic in the Streets
21%
1948 André de Toth Pitfall
21%
1953 Fritz Lang The Blue Gardenia
21%
1942 Stuart Heisler The Glass Key
21%
1949 Max Ophüls The Reckless Moment
21%
1940 Boris Ingster The Stranger on the Third Floor
21%
1947 Robert Montgomery Ride the Pink Horse
20%
1948 Jean Negulesco Road House
20%
1952 David Miller Sudden Fear
20%
1949 Jules Dassin Thieves' Highway
20%
1947 Robert Wise Born to Kill
19%
1948 Robert Siodmak Cry of the City
19%
1948 Anthony Mann Raw Deal
19%
1950 Anthony Mann Side Street
19%
1946 Roy William Neill The Black Angel
19%
1954 Fritz Lang Human Desire
18%
1941 H. Bruce Humberstone I Wake Up Screaming
18%
1948 Henry Hathaway Call Northside 777
17%
1948 Alfred L. Werker He Walked by Night
17%
1946 Henry Hathaway The Dark Corner
17%
1952 Richard Fleischer The Narrow Margin
17%
1956 Fritz Lang While the City Sleeps
17%
1949 Anthony Mann Border Incident
16%
1948 Anatole Litvak Sorry, Wrong Number
16%
1947 Anthony Mann Desperate
15%
1946 Robert Siodmak The Dark Mirror
15%
1950 Robert Siodmak The File on Thelma Jordon
15%
1953 Henry Hathaway Niagra
14%
1948 Steve Sekely Hollow Triumph
13%
1950 John Farrow Where Danger Lives
13%
1948 William Keighley The Street with No Name
12%
No matching quizzes found
Score Distribution
Percent of People with Each Score
Percentile by Number Answered
Your Score History
You have not taken this quiz